[Event "Reykjavik op"]
[Site "Reykjavik"]
[Date "2024.03.18"]
[Round "6"]
[White "Magnusdottir, Veronika Steinunn"]
[Black "Karsten, Jan"]
[Result "0-1"]
[WhiteElo "1812"]
[BlackElo "2323"]
[PlyCount "64"]
[EventDate "2024.03.15"]
[EventType "swiss"]
[EventRounds "9"]
[EventCountry "ISL"]
[SourceTitle "CB13_2024"]
[SourceDate "2024.03.27"]
[SourceVersion "1"]
[SourceVersionDate "2024.03.27"]
[SourceQuality "1"]

1. e4 e5 2. Nf3 Nc6 3. Bc4 Nf6 4. d3 h6 5. c3 d6 6. 0-0 g5 7. Re1 Bg7 8. Nbd2 g4 9. Nh4 Nxe4 10. dxe4 Qxh4 11. Nf1 h5 12. Ne3 Ne7 13. Bb5+ Kf8 14. c4 Be6 15. Nd5 Bxd5 16. cxd5 c6 17. dxc6 bxc6 18. Bc4 Qf6 19. Bd2 Bh6 20. Bb4 Rd8 21. Qa4 Rd7 22. Rad1 Kg7 23. Rd3 Qg6 24. Red1 Rhd8 25. Ba5 Rc8 26. Bb4 d5 27. exd5 Nxd5 28. Bxd5 Rxd5 29. Rxd5 cxd5 30. Rxd5 Rc1+ 31. Rd1 Qb1 32. g3 Rxd1+ 0-1

[Event "ISL-chT1 1819"]
[Site "Reykjavik"]
[Date "2018.11.09"]
[Round "2.1"]
[White "Birkisson, Bardur Orn"]
[Black "Magnusdottir, Veronika Steinunn"]
[Result "1-0"]
[WhiteElo "2198"]
[BlackElo "1746"]
[PlyCount "127"]
[EventDate "2018.11.08"]
[EventType "team-tourn"]
[EventRounds "9"]
[EventCountry "ISL"]
[SourceTitle "CBM 187 Extra"]
[Source "ChessBase"]
[SourceDate "2018.11.04"]
[SourceVersion "1"]
[SourceVersionDate "2018.11.04"]
[SourceQuality "1"]
[WhiteTeam "Taflfelag Reykjavikur II"]
[BlackTeam "Taflfelag Reykjavikur II"]
[WhiteTeamCountry "ISL"]
[BlackTeamCountry "ISL"]

1. d4 d5 2. Bf4 c5 3. e3 Nf6 4. c3 Nc6 5. Nd2 Bf5 6. Ngf3 Qb6 7. Nh4 Bg4 8. Qb3 c4 9. Qc2 Qd8 10. h3 Bd7 11. Be2 e6 12. 0-0 b5 13. b3 cxb3 14. axb3 a6 15. Nhf3 Rc8 16. Qb2 Qb6 17. b4 Be7 18. Ra2 0-0 19. Rfa1 Ra8 20. Nb3 Rfc8 21. Ne1 Ne4 22. Nc5 Nxc5 23. bxc5 Qb7 24. Nc2 Bd8 25. Bd3 h6 26. Bg3 Kf8 27. Qb1 Kg8 28. e4 Ne7 29. e5 Ra7 30. Ne3 Rca8 31. Qd1 a5 32. Qh5 Be8 33. Bf4 Nc6 34. Rb1 b4 35. Rab2 Qd7 36. cxb4 Nxb4 37. Be2 f5 38. Qf3 Nc6 39. Nc2 a4 40. Bb5 a3 41. Ra2 Qe7 42. Bxc6 Bxc6 43. Rxa3 Rxa3 44. Nxa3 Ra4 45. Nc2 Rc4 46. Qd3 Qa7 47. Rb4 Rxb4 48. Nxb4 Qb7 49. Nxc6 Qxc6 50. Qb3 Bc7 51. h4 Qa6 52. Kh2 Kf7 53. Qg3 Qc4 54. Be3 Qd3 55. h5 Qe4 56. Qg6+ Kf8 57. Qxe6 Qh4+ 58. Kg1 Bd8 59. Qxf5+ Ke7 60. c6 Qe4 61. Qd7+ Kf8 62. Qxd8+ Kf7 63. Qd7+ Kf8 64. c7 1-0

[Event "Reykjavik op"]
[Site "Reykjavik"]
[Date "2018.03.13"]
[Round "8"]
[White "Arvidsson, Jonas"]
[Black "Magnusdottir, Veronika Steinunn"]
[Result "1-0"]
[WhiteElo "1913"]
[BlackElo "1735"]
[PlyCount "93"]
[EventDate "2018.03.06"]
[EventType "swiss"]
[EventRounds "9"]
[EventCountry "ISL"]
[SourceTitle "CBM 183 Extra"]
[Source "ChessBase"]
[SourceDate "2018.04.19"]
[SourceVersion "1"]
[SourceVersionDate "2018.04.19"]
[SourceQuality "1"]

1. e4 c5 2. Nf3 e6 3. Nc3 a6 4. d4 cxd4 5. Nxd4 b5 6. Bd3 Bb7 7. 0-0 Qc7 8. Kh1 Nf6 9. a3 b4 10. axb4 Bxb4 11. Na4 0-0 12. Qe2 Nc6 13. c3 Be7 14. Bg5 Ne5 15. Bc2 Ng6 16. Rae1 h6 17. Bd2 d5 18. e5 Ne4 19. f4 Bh4 20. Ra1 a5 21. Be3 Ba6 22. Bd3 Bxd3 23. Qxd3 Rfb8 24. Nf3 Be7 25. Nd2 Nc5 26. Nxc5 Bxc5 27. Bxc5 Qxc5 28. Rab1 Ne7 29. g4 Rd8 30. b4 axb4 31. cxb4 Qb6 32. b5 Ra2 33. f5 exf5 34. gxf5 d4 35. f6 gxf6 36. Rxf6 Qb7+ 37. Ne4 Ng6 38. e6 Ra3 39. exf7+ Kg7 40. Qc2 d3 41. Qg2 Qxe4 42. Qxe4 Kxf6 43. Rf1+ Kg7 44. Rg1 d2 45. Qxg6+ Kf8 46. Qg8+ Ke7 47. Qxd8+ 1-0

[Event "Reykjavik op"]
[Site "Reykjavik"]
[Date "2018.03.06"]
[Round "1"]
[White "Mortensen, Rogvi"]
[Black "Magnusdottir, Veronika Steinunn"]
[Result "1-0"]
[WhiteElo "2018"]
[BlackElo "1735"]
[PlyCount "51"]
[EventDate "2018.03.06"]
[EventType "swiss"]
[EventRounds "9"]
[EventCountry "ISL"]
[SourceTitle "CBM 183 Extra"]
[Source "ChessBase"]
[SourceDate "2018.04.19"]
[SourceVersion "1"]
[SourceVersionDate "2018.04.19"]
[SourceQuality "1"]

1. d4 d5 2. c4 c6 3. Nf3 Nf6 4. Nc3 e6 5. e3 Nbd7 6. Qc2 Bd6 7. Bd3 0-0 8. 0-0 dxc4 9. Bxc4 a6 10. e4 e5 11. h3 b5 12. Be2 exd4 13. Nxd4 Bb7 14. Nf5 Bb4 15. Bg5 Qb6 16. a3 Bxc3 17. bxc3 c5 18. f3 Rfd8 19. Rfd1 Rac8 20. Rd6 Rc6 21. Ne7+ Kh8 22. Nxc6 Bxc6 23. Rad1 c4+ 24. Kh1 Re8 25. Qd2 Qc5 26. Be3 1-0

[Event "ISL-chT2 1718"]
[Site "Reykjavik"]
[Date "2017.10.20"]
[Round "1.3"]
[White "Jonsson, Gauti Pall"]
[Black "Magnusdottir, Veronika Steinunn"]
[Result "1-0"]
[WhiteElo "2011"]
[BlackElo "1770"]
[PlyCount "62"]
[EventDate "2017.10.20"]
[EventType "team-tourn"]
[EventRounds "7"]
[EventCountry "ISL"]
[SourceTitle "CBM 181 Extra"]
[Source "ChessBase"]
[SourceDate "2017.12.12"]
[SourceVersion "1"]
[SourceVersionDate "2017.12.12"]
[SourceQuality "1"]
[WhiteTeam "Reykjavik II"]
[BlackTeam "Reykjavik III"]
[WhiteTeamCountry "ISL"]
[BlackTeamCountry "ISL"]

1. e4 c5 2. Nc3 a6 3. f4 b5 4. g3 Bb7 5. Bg2 e6 6. Nge2 d5 7. e5 Nc6 8. 0-0 h5 9. h3 Nh6 10. d3 Rc8 11. Bd2 Nf5 12. Qe1 Nfd4 13. Nxd4 cxd4 14. Nd1 Qc7 15. Rc1 a5 16. f5 Bb4 17. c3 dxc3 18. Nxc3 Qb6+ 19. Kh1 d4 20. fxe6 dxc3 21. exf7+ Kf8 22. bxc3 Ba3 23. Rd1 Nd8 24. Bxb7 Qxb7+ 25. Kh2 Rc7 26. Bg5 Ne6 27. Qd2 Rxf7 28. d4 Nxg5 29. Qxg5 Qe7 30. Rxf7+ Qxf7 31. Qd8+ Qe8 1-0

[Event "Reykjavik TR U2000 op"]
[Site "Reykjavik"]
[Date "2017.10.18"]
[Round "2"]
[White "Magnusdottir, Veronika Steinunn"]
[Black "Geirsson, Kristjan"]
[Result "0-1"]
[WhiteElo "1770"]
[BlackElo "1556"]
[PlyCount "38"]
[EventDate "2017.10.11"]
[EventType "swiss"]
[EventRounds "7"]
[EventCountry "ISL"]
[SourceTitle "CBM 181 Extra"]
[Source "ChessBase"]
[SourceDate "2017.12.12"]
[SourceVersion "1"]
[SourceVersionDate "2017.12.12"]
[SourceQuality "1"]

1. e4 e5 2. Nf3 Nc6 3. Bc4 Nf6 4. d3 Bc5 5. c3 Bb6 6. Bb3 d6 7. h3 0-0 8. Bg5 h6 9. Bh4 Be6 10. Bc2 d5 11. Nbd2 d4 12. cxd4 Bxd4 13. Nxd4 Nxd4 14. Nf3 Qd6 15. Nxd4 Qxd4 16. Qc1 Nh5 17. Be7 Rfe8 18. Ba3 Nf4 19. 0-0 Ne2+ 0-1

[Event "ISL-chT2 1617"]
[Site "Reykjavik"]
[Date "2017.03.03"]
[Round "5.3"]
[White "Magnusdottir, Veronika Steinunn"]
[Black "Haraldsson, Haraldur"]
[Result "1-0"]
[WhiteElo "1777"]
[BlackElo "1920"]
[PlyCount "89"]
[EventDate "2016.09.30"]
[EventType "team-tourn"]
[EventRounds "7"]
[EventCountry "ISL"]
[SourceTitle "EXT 2018"]
[Source "ChessBase"]
[SourceDate "2017.10.13"]
[SourceVersion "1"]
[SourceVersionDate "2017.10.13"]
[SourceQuality "1"]
[WhiteTeam "Reykjavik III"]
[BlackTeam "Akureyri II"]
[WhiteTeamCountry "ISL"]
[BlackTeamCountry "ISL"]

1. e4 c5 2. Nf3 d6 3. d4 cxd4 4. Nxd4 Nf6 5. Nc3 a6 6. h3 e5 7. Nde2 Be7 8. g4 Be6 9. Bg2 Nc6 10. a4 h6 11. 0-0 Rc8 12. Nd5 Bxd5 13. exd5 Nd4 14. Nxd4 exd4 15. Qd3 0-0 16. Re1 Re8 17. Bd2 Nd7 18. b4 Bf6 19. Rxe8+ Qxe8 20. Re1 Qd8 21. Qf5 g6 22. Qe4 Bg7 23. Bf1 Qc7 24. Bd3 Ne5 25. f4 Nxd3 26. cxd3 Qd7 27. Qe7 Qxe7 28. Rxe7 Bf6 29. Re2 Rc2 30. Kf2 Kf8 31. a5 Rb2 32. f5 g5 33. Kf3 Be5 34. Bxg5 Rxb4 35. Bxh6+ Ke7 36. Bf4 f6 37. g5 fxg5 38. Bxe5 dxe5 39. Rxe5+ Kd7 40. f6 Rb1 41. Ke4 Re1+ 42. Kf5 Re3 43. f7 Rxh3 44. Kxg5 Rh8 45. Kg6 1-0

[Event "ISL-chT2 1617"]
[Site "Reykjavik"]
[Date "2016.10.01"]
[Round "3.4"]
[White "Magnusdottir, Veronika Steinunn"]
[Black "Magnusson, Magnus"]
[Result "0-1"]
[WhiteElo "1777"]
[BlackElo "2003"]
[PlyCount "62"]
[EventDate "2016.09.30"]
[EventType "team-tourn"]
[EventRounds "7"]
[EventCountry "ISL"]
[SourceTitle "EXT 2018"]
[Source "ChessBase"]
[SourceDate "2017.10.13"]
[SourceVersion "1"]
[SourceVersionDate "2017.10.13"]
[SourceQuality "1"]
[WhiteTeam "Reykjavik III"]
[BlackTeam "Island"]
[WhiteTeamCountry "ISL"]
[BlackTeamCountry "ISL"]

1. e4 e5 2. Nf3 Nc6 3. Bc4 Nf6 4. d3 Bc5 5. c3 d6 6. Bb3 a5 7. Nbd2 h6 8. h3 Ba7 9. Nf1 Qe7 10. Qe2 Bd7 11. Be3 a4 12. Bc2 b5 13. Bxa7 Nxa7 14. Ng3 g6 15. 0-0 h5 16. Qe3 h4 17. Ne2 Nh5 18. d4 Rg8 19. c4 g5 20. dxe5 dxe5 21. Nc3 c6 22. cxb5 Nxb5 23. Nxa4 g4 24. hxg4 Bxg4 25. Nh2 Nf4 26. Nxg4 Rxg4 27. g3 hxg3 28. fxg3 Qh4 29. Rf3 Nd4 30. Kf2 Qh2+ 31. Kf1 Qg2+ 0-1

[Event "Olympiad Women-42"]
[Site "Baku"]
[Date "2016.09.09"]
[Round "7.4"]
[White "Magnusdottir, Veronika Steinunn"]
[Black "Collazo Hidalgo Gato, Niala"]
[Result "0-1"]
[WhiteElo "1777"]
[BlackElo "2268"]
[PlyCount "100"]
[EventDate "2016.09.02"]
[EventType "team-swiss"]
[EventRounds "11"]
[EventCountry "AZE"]
[SourceTitle "CBM 174 Extra"]
[Source "ChessBase"]
[SourceDate "2016.10.10"]
[SourceVersion "1"]
[SourceVersionDate "2016.10.10"]
[SourceQuality "1"]
[WhiteTeam "Iceland (W)"]
[BlackTeam "Spain (W)"]
[WhiteTeamCountry "ISL"]
[BlackTeamCountry "ESP"]

1. e4 g6 2. d4 Bg7 3. Nc3 d6 4. Be3 a6 5. Bc4 b5 6. Bb3 Bb7 7. Nf3 e6 8. Qd3 Nf6 9. a3 0-0 10. 0-0 Nbd7 11. Rad1 c5 12. dxc5 dxc5 13. Qe2 Qc7 14. Bg5 c4 15. Ba2 Nc5 16. e5 Nd5 17. Nxd5 Bxd5 18. Qe3 Bxf3 19. Qxf3 Bxe5 20. g3 Bg7 21. b3 h6 22. Be3 c3 23. b4 Na4 24. Bf4 Qa7 25. Be3 Qe7 26. Bb3 Rfd8 27. Qc6 Nb2 28. Rxd8+ Qxd8 29. Re1 Qc8 30. Qe4 Rb8 31. Bd4 Qb7 32. Qe3 Bxd4 33. Qxd4 Qc6 34. Qf6 Nc4 35. Qxc3 Rc8 36. Qd4 Qf3 37. a4 Rc6 38. Qd8+ Kg7 39. axb5 axb5 40. Qd4+ Qf6 41. Qd7 Qc3 42. Rd1 Ne5 43. Qb7 Qxb4 44. f4 Qc5+ 45. Kg2 Ng4 46. Rd2 Ne3+ 47. Kf3 Nf5 48. Rd3 Qg1 49. Rd2 Rc3+ 50. Ke2 Re3# 0-1

[Event "Olympiad Women-42"]
[Site "Baku"]
[Date "2016.09.05"]
[Round "4.28"]
[White "Magnusdottir, Veronika Steinunn"]
[Black "Partac, Elena"]
[Result "1/2-1/2"]
[WhiteElo "1777"]
[BlackElo "2086"]
[PlyCount "66"]
[EventDate "2016.09.02"]
[EventType "team-swiss"]
[EventRounds "11"]
[EventCountry "AZE"]
[SourceTitle "CBM 174 Extra"]
[Source "ChessBase"]
[SourceDate "2016.10.10"]
[SourceVersion "1"]
[SourceVersionDate "2016.10.10"]
[SourceQuality "1"]
[WhiteTeam "Iceland (W)"]
[BlackTeam "Moldova (W)"]
[WhiteTeamCountry "ISL"]
[BlackTeamCountry "MDA"]

1. e4 c5 2. Nf3 e6 3. d4 cxd4 4. Nxd4 Nf6 5. Bd3 Nc6 6. Nxc6 dxc6 7. 0-0 e5 8. h3 Bc5 9. Nd2 Qc7 10. Nc4 Be6 11. Qf3 0-0-0 12. c3 h6 13. b4 Be7 14. a4 g5 15. Qe2 Rhg8 16. Ne3 Nh5 17. Bc4 Nf4 18. Bxe6+ fxe6 19. Qc4 Rg6 20. b5 h5 21. bxc6 Qxc6 22. Qxc6+ bxc6 23. Nc4 Bd6 24. Be3 Bb8 25. Rfd1 Rxd1+ 26. Rxd1 g4 27. hxg4 Rxg4 28. Bxf4 exf4 29. f3 Rg5 30. Nd6+ Kc7 31. Ne8+ Kc8 32. Nd6+ Kc7 33. Ne8+ Kc8 1/2-1/2

[Event "Reykjavik op"]
[Site "Reykjavik"]
[Date "2016.03.16"]
[Round "10"]
[White "Knoepfle, Andreas"]
[Black "Magnusdottir, Veronika Steinunn"]
[Result "0-1"]
[WhiteElo "1905"]
[BlackElo "1741"]
[PlyCount "126"]
[EventDate "2016.03.08"]
[EventType "swiss"]
[EventRounds "10"]
[EventCountry "ISL"]
[SourceTitle "CBM 171 Extra"]
[Source "ChessBase"]
[SourceDate "2016.04.26"]
[SourceVersion "1"]
[SourceVersionDate "2016.04.26"]
[SourceQuality "1"]

1. d4 d5 2. Nf3 Nf6 3. c4 c6 4. cxd5 cxd5 5. Nc3 Bf5 6. Bf4 Qb6 7. Na4 Qa5+ 8. Bd2 Qd8 9. Bf4 e6 10. a3 Nc6 11. Nc3 Rc8 12. e3 a6 13. Qb3 b5 14. Be2 Bd6 15. Bxd6 Qxd6 16. 0-0 0-0 17. Rfc1 Na5 18. Qd1 Nc4 19. Qb3 h6 20. a4 b4 21. Na2 Na5 22. Qxb4 Qxb4 23. Nxb4 Nb3 24. Rxc8 Rxc8 25. Rd1 a5 26. Nd3 Rc2 27. Bf1 Bxd3 28. Bxd3 Rxb2 29. Rb1 Rxb1+ 30. Bxb1 Ne4 31. Bc2 Ned2 32. Ne5 Kf8 33. f4 Ke7 34. Kf2 f6 35. Nd3 Ne4+ 36. Ke1 Nbd2 37. Nc1 Kd6 38. Bxe4 Nxe4 39. Nb3 Nc3 40. Nc5 e5 41. Nb7+ Ke6 42. fxe5 fxe5 43. Nxa5 exd4 44. exd4 Kf5 45. Kd2 Nxa4 46. Ke3 Nb2 47. Nc6 Nc4+ 48. Kd3 Kf4 49. Ne7 Nb6 50. Ng6+ Kg5 51. Ne5 Kf5 52. Nc6 g5 53. Ne5 h5 54. Nc6 Nd7 55. Ke3 Nf6 56. Ne5 Ng4+ 57. Nxg4 Kxg4 58. Ke2 Kf4 59. Kd3 h4 60. Ke2 Ke4 61. Kd2 Kxd4 62. g3 hxg3 63. hxg3 g4 0-1

[Event "Gibraltar Masters 14th"]
[Site "Caleta"]
[Date "2016.02.01"]
[Round "7"]
[White "Magnusdottir, Veronika Steinunn"]
[Black "Boron, Anthony"]
[Result "1-0"]
[WhiteElo "1762"]
[BlackElo "1915"]
[PlyCount "65"]
[EventDate "2016.01.26"]
[EventType "swiss"]
[EventRounds "10"]
[EventCountry "GGB"]
[SourceTitle "CBM 171"]
[Source "ChessBase"]
[SourceDate "2016.03.14"]
[SourceVersion "2"]
[SourceVersionDate "2016.03.14"]
[SourceQuality "1"]

1. e4 d5 2. exd5 Nf6 3. d4 Nxd5 4. Nf3 Bf5 5. Bd3 Bxd3 6. Qxd3 c6 7. c4 Nf6 8. Nc3 e6 9. Bf4 Bd6 10. Ne5 Qe7 11. 0-0 Nh5 12. Bd2 Nd7 13. f4 0-0-0 14. Qf3 g6 15. b4 Nxe5 16. fxe5 Bxb4 17. Rab1 Rxd4 18. Nd5 exd5 19. Bxb4 Qd7 20. cxd5 Qxd5 21. Qxf7 Qxf7 22. Rxf7 Re8 23. Bd6 Nf4 24. Rbxb7 Rxd6 25. exd6 Re1+ 26. Kf2 Nd3+ 27. Kg3 Re3+ 28. Kh4 Re4+ 29. Kg5 h6+ 30. Kxh6 Rh4+ 31. Kg7 Rd4 32. Rfc7+ Kd8 33. Rb8# 1-0

[Event "EU-chT (Women) 20th"]
[Site "Reykjavik"]
[Date "2015.11.21"]
[Round "8.4"]
[White "Kujasalo, Marjatta"]
[Black "Magnusdottir, Veronika Steinunn"]
[Result "0-1"]
[WhiteElo "1605"]
[BlackElo "1753"]
[PlyCount "104"]
[EventDate "2015.11.13"]
[EventType "team-swiss"]
[EventRounds "9"]
[EventCountry "ISL"]
[SourceTitle "CBM 169 Extra"]
[Source "ChessBase"]
[SourceDate "2015.12.18"]
[SourceVersion "1"]
[SourceVersionDate "2015.12.18"]
[SourceQuality "1"]
[WhiteTeam "Finland (W)"]
[BlackTeam "Iceland (W)"]
[WhiteTeamCountry "FIN"]
[BlackTeamCountry "ISL"]

1. Nf3 Nf6 2. d4 d5 3. g3 c6 4. Bg2 Bf5 5. h3 h6 6. b3 e6 7. Bb2 Bd6 8. Nbd2 Nbd7 9. 0-0 0-0 10. c4 Qe7 11. Ne5 Rfd8 12. f4 c5 13. Kh2 cxd4 14. Bxd4 Bc5 15. Bxc5 Nxc5 16. Qe1 Nfe4 17. Nxe4 Bxe4 18. Nf3 dxc4 19. bxc4 Rac8 20. Qf2 b6 21. h4 Nd7 22. Rac1 Rc5 23. Rfd1 Nf6 24. Rxd8+ Qxd8 25. Bh3 Bb7 26. Ne5 Qc7 27. Qd4 Ba6 28. Rd1 Bxc4 29. Qd8+ Kh7 30. Nxc4 Qxd8 31. Rxd8 Rxc4 32. Kg2 Rc2 33. Kf3 Rxa2 34. Bg2 Ra3+ 35. e3 Nd5 36. Ke4 Rxe3+ 37. Kd4 Rxg3 38. Be4+ f5 39. Bxf5+ exf5 40. Rxd5 Rg4 41. Rxf5 Kg6 42. Ke5 Rxh4 43. Rf8 Rh1 44. Ke6 a5 45. Rb8 Rb1 46. f5+ Kg5 47. Rg8 Re1+ 48. Kd5 Kxf5 49. Rxg7 a4 50. Kc4 Rb1 51. Rd7 b5+ 52. Kc3 a3 0-1

[Event "Gibraltar Masters 13th"]
[Site "Caleta"]
[Date "2015.02.05"]
[Round "10"]
[White "Gouait, Raymond"]
[Black "Magnusdottir, Veronika Steinunn"]
[Result "0-1"]
[WhiteElo "1595"]
[BlackElo "1566"]
[PlyCount "79"]
[EventDate "2015.01.27"]
[EventType "swiss"]
[EventRounds "10"]
[EventCountry "GGB"]
[SourceTitle "CBM 165"]
[Source "ChessBase"]
[SourceDate "2015.03.11"]
[SourceVersion "1"]
[SourceVersionDate "2015.03.11"]
[SourceQuality "1"]

1. d4 d5 2. c4 c6 3. Nc3 Nf6 4. Nf3 e6 5. Bg5 Nbd7 6. cxd5 exd5 7. e3 Qa5 8. Nd2 Bb4 9. Rc1 Bxc3 10. bxc3 Qxa2 11. Bd3 Qa5 12. 0-0 0-0 13. h3 Re8 14. Bf4 b5 15. Qc2 Bb7 16. e4 dxe4 17. Nxe4 Nxe4 18. Bxe4 Nf6 19. Bf3 Qb6 20. Rfd1 a5 21. g4 Rec8 22. g5 Nd5 23. Be5 c5 24. Qf5 Ne7 25. Qg4 Bxf3 26. Qxf3 Nc6 27. Qg4 Nxe5 28. dxe5 Rd8 29. Qf4 a4 30. Rd6 Qc7 31. Rcd1 a3 32. Qd2 Re8 33. f4 Qb7 34. Rd5 a2 35. Ra1 b4 36. cxb4 cxb4 37. Rxa2 Rxa2 38. Qxa2 b3 39. Qa5 b2 40. Qb5 0-1

[Event "Gibraltar Masters 13th"]
[Site "Caleta"]
[Date "2015.02.03"]
[Round "8"]
[White "Greibrokk, Ingrid Andrea"]
[Black "Magnusdottir, Veronika Steinunn"]
[Result "1-0"]
[WhiteElo "1758"]
[BlackElo "1566"]
[PlyCount "73"]
[EventDate "2015.01.27"]
[EventType "swiss"]
[EventRounds "10"]
[EventCountry "GGB"]
[SourceTitle "CBM 165"]
[Source "ChessBase"]
[SourceDate "2015.03.11"]
[SourceVersion "1"]
[SourceVersionDate "2015.03.11"]
[SourceQuality "1"]

1. e4 c5 2. Nf3 d6 3. d4 cxd4 4. Nxd4 Nf6 5. Nc3 a6 6. Be3 e5 7. Nb3 Be7 8. Be2 Be6 9. g4 d5 10. Nxd5 Nxd5 11. exd5 Bxd5 12. Rg1 Nc6 13. Qd2 Be4 14. 0-0-0 Nb4 15. Nc5 Bxc5 16. Bxc5 Nxc2 17. Bd3 Bxd3 18. Qxd3 Qxd3 19. Rxd3 Nd4 20. Bxd4 exd4 21. Re1+ Kf8 22. Rxd4 h5 23. Rd7 hxg4 24. Ree7 Rc8+ 25. Kd1 b5 26. Rxf7+ Ke8 27. Rde7+ Kd8 28. Rxg7 Rxh2 29. Ra7 Rh8 30. Rxa6 Rf8 31. Raa7 Rh8 32. Rxg4 Ke8 33. Rgg7 Kf8 34. Rgb7 Rh1+ 35. Ke2 Rh5 36. Ra5 Re5+ 37. Kf1 1-0

[Event "Gibraltar Masters 13th"]
[Site "Caleta"]
[Date "2015.02.01"]
[Round "6"]
[White "Bohman, Leif"]
[Black "Magnusdottir, Veronika Steinunn"]
[Result "1-0"]
[WhiteElo "1803"]
[BlackElo "1566"]
[PlyCount "57"]
[EventDate "2015.01.27"]
[EventType "swiss"]
[EventRounds "10"]
[EventCountry "GGB"]
[SourceTitle "CBM 165"]
[Source "ChessBase"]
[SourceDate "2015.03.11"]
[SourceVersion "1"]
[SourceVersionDate "2015.03.11"]
[SourceQuality "1"]

1. d4 d5 2. Nf3 Nf6 3. Bf4 c5 4. c3 Nc6 5. e3 Qb6 6. Qb3 c4 7. Qc2 Bf5 8. Qc1 Nh5 9. Bg3 Nxg3 10. hxg3 h6 11. Nbd2 Qc7 12. Be2 e6 13. 0-0 g5 14. Nh2 h5 15. e4 dxe4 16. Nxc4 g4 17. Qe1 0-0-0 18. f3 b5 19. Ne3 Bd6 20. f4 a6 21. a4 h4 22. axb5 axb5 23. Bxb5 hxg3 24. Qxg3 Rh7 25. Nc4 Kb8 26. Nxd6 Qxd6 27. Ra6 Nxd4 28. Rxd6 Ne2+ 29. Bxe2 1-0

[Event "Gibraltar Masters 13th"]
[Site "Caleta"]
[Date "2015.01.30"]
[Round "4"]
[White "Othman, Mustapha"]
[Black "Magnusdottir, Veronika Steinunn"]
[Result "1-0"]
[WhiteElo "1968"]
[BlackElo "1566"]
[PlyCount "61"]
[EventDate "2015.01.27"]
[EventType "swiss"]
[EventRounds "10"]
[EventCountry "GGB"]
[SourceTitle "CBM 165"]
[Source "ChessBase"]
[SourceDate "2015.03.11"]
[SourceVersion "1"]
[SourceVersionDate "2015.03.11"]
[SourceQuality "1"]

1. d4 d5 2. c4 c6 3. Nf3 Nf6 4. Nc3 e6 5. e3 Nbd7 6. Bd3 a6 7. 0-0 Be7 8. b3 0-0 9. Bb2 b6 10. Ne5 Bb7 11. e4 c5 12. Nxd7 Nxd7 13. exd5 cxd4 14. Ne4 exd5 15. cxd5 Ne5 16. d6 Bxd6 17. Bxd4 Nxd3 18. Nxd6 Qxd6 19. Qxd3 Rad8 20. Rad1 Rd7 21. Rd2 Rfd8 22. Qe3 Qc6 23. f3 b5 24. Re1 h6 25. Bc3 Rxd2 26. Bxd2 Qc2 27. Ba5 Rc8 28. Bb6 Qxa2 29. Qd3 Qb2 30. Bd4 Qc2 31. Re8+ 1-0

[Event "Gibraltar Masters 13th"]
[Site "Caleta"]
[Date "2015.01.27"]
[Round "1"]
[White "Magnusdottir, Veronika Steinunn"]
[Black "Sorm, Daniel"]
[Result "0-1"]
[WhiteElo "1566"]
[BlackElo "2319"]
[PlyCount "86"]
[EventDate "2015.01.27"]
[EventType "swiss"]
[EventRounds "10"]
[EventCountry "GGB"]
[SourceTitle "CBM 165"]
[Source "ChessBase"]
[SourceDate "2015.03.11"]
[SourceVersion "1"]
[SourceVersionDate "2015.03.11"]
[SourceQuality "1"]

1. e4 c5 2. Nf3 Nc6 3. d4 cxd4 4. Nxd4 Nf6 5. Nc3 d6 6. Bg5 Qb6 7. Nb3 e6 8. Qd2 Be7 9. 0-0-0 0-0 10. f4 Rd8 11. Bc4 a6 12. Qe2 Qc7 13. Nd4 Nxd4 14. Rxd4 b5 15. Bb3 h6 16. Bh4 Nxe4 17. Qxe4 Bxh4 18. Qxa8 Bb7 19. Nxb5 axb5 20. Qa3 Bf2 21. Qb4 Bxg2 22. Rhd1 Be3+ 23. Kb1 Bxd4 24. Qxd4 Bh3 25. Qd3 Bf5 26. Qxb5 Rc8 27. Qe2 d5 28. Qf2 Kf8 29. Kc1 g5 30. fxg5 hxg5 31. c3 Qe5 32. Re1 Be4 33. Qe3 Qf4 34. Qxf4 gxf4 35. Bc2 f5 36. Rf1 e5 37. Kd1 Ke7 38. Bxe4 fxe4 39. h4 Rg8 40. Ke1 e3 41. a4 Rg2 42. a5 Rxb2 43. Rg1 Rb1+ 0-1

[Event "Reykjavik op"]
[Site "Reykjavik"]
[Date "2014.03.10"]
[Round "8"]
[White "Magnusdottir, Veronika Steinunn"]
[Black "Schadd, Jan"]
[Result "0-1"]
[WhiteElo "1595"]
[BlackElo "1893"]
[PlyCount "66"]
[EventDate "2014.03.04"]
[EventType "swiss"]
[EventRounds "10"]
[EventCountry "ISL"]
[SourceTitle "CBM 159 Extra"]
[Source "ChessBase"]
[SourceDate "2014.04.24"]
[SourceVersion "1"]
[SourceVersionDate "2014.04.24"]
[SourceQuality "1"]

1. e4 e6 2. d4 d5 3. Nd2 Be7 4. Ngf3 b6 5. c3 Nf6 6. e5 Ne4 7. Bb5+ c6 8. Bd3 Nxd2 9. Bxd2 Ba6 10. Bxa6 Nxa6 11. 0-0 0-0 12. Qe2 Nc7 13. h3 c5 14. Rac1 Rc8 15. Nh2 cxd4 16. cxd4 Qd7 17. Qg4 Rfe8 18. Bh6 Bf8 19. Qg3 Nb5 20. Be3 Rxc1 21. Rxc1 Rc8 22. a4 Rxc1+ 23. Bxc1 Nxd4 24. Qg4 Nb3 25. Be3 d4 26. Qd1 Qxa4 27. Bxd4 Qxd4 28. Qxb3 Qxe5 29. Nf3 Qc5 30. Qd1 Bd6 31. Qd2 Qc7 32. Ng5 Bf4 33. Nxe6 fxe6 0-1

[Event "Reykjavik op"]
[Site "Reykjavik"]
[Date "2014.03.07"]
[Round "5"]
[White "Sjol, Henrik"]
[Black "Magnusdottir, Veronika Steinunn"]
[Result "1/2-1/2"]
[WhiteElo "1853"]
[BlackElo "1595"]
[PlyCount "123"]
[EventDate "2014.03.04"]
[EventType "swiss"]
[EventRounds "10"]
[EventCountry "ISL"]
[SourceTitle "CBM 159 Extra"]
[Source "ChessBase"]
[SourceDate "2014.04.24"]
[SourceVersion "1"]
[SourceVersionDate "2014.04.24"]
[SourceQuality "1"]

1. d4 d5 2. Nf3 Nf6 3. Bf4 c6 4. c4 e6 5. Nc3 dxc4 6. a4 Bb4 7. Bd2 Bxc3 8. bxc3 b5 9. Bg5 h6 10. Bh4 Nbd7 11. Qc2 Qa5 12. Rc1 Bb7 13. e3 a6 14. Be2 Nd5 15. 0-0 N7b6 16. e4 Nf4 17. Bd1 Nd7 18. Bg3 Nd3 19. Ra1 c5 20. Be2 Bxe4 21. axb5 Qxb5 22. Nd2 Bg6 23. Qa2 Nb6 24. Rfb1 Qc6 25. Nxc4 Nd5 26. Nd6+ Kf8 27. Bf3 Rd8 28. Nb7 Ra8 29. c4 N3b4 30. Rxb4 cxb4 31. cxd5 Qxb7 32. dxe6 Be4 33. Bd6+ Kg8 34. exf7+ Kh7 35. Qe6 Bxf3 36. Qf5+ g6 37. Qxf3 Qxf3 38. gxf3 a5 39. f8Q Rhxf8 40. Bxf8 Rxf8 41. Rxa5 Rb8 42. Ra2 b3 43. Rb2 Kg7 44. Kf1 Kf6 45. Ke2 Ke6 46. Kd3 Kd5 47. f4 Rb7 48. Kc3 h5 49. Kd3 Rb8 50. Kc3 Ke4 51. d5 Kxd5 52. Rd2+ Ke4 53. Kb2 Kxf4 54. Rd4+ Kf3 55. Rd6 g5 56. Rf6+ Ke4 57. Rf7 Rb5 58. Rf8 Kd3 59. f4 gxf4 60. Rxf4 Ke3 61. Rf8 Kd4 62. Rd8+ 1/2-1/2